| 000 | 00575cab a2200205 4500 | ||
|---|---|---|---|
| 001 | WB2508-33 | ||
| 008 | 090401t xxu||||| |||| 00| 0 eng d | ||
| 035 | _a(Sirsi) u62378 | ||
| 041 | _aeng | ||
| 245 | _aWinners and losers under new rates | ||
| 350 | _a0 | ||
| 490 |
_aKing & Co Press Release _v2 pages |
||
| 520 | _aBriefly assesses the impact of the proposed phasing in of the uniform business rate from April 1990. | ||
| 650 | _aBUSINESS RATES | ||
| 650 | _aRATES | ||
| 650 | _aREVALUATION | ||
| 690 | _aRATING AND VALUATION | ||
| 942 | _n0 | ||
| 948 | _c04/03/1997 | ||
| 999 |
_c38772 _d38772 |
||